[Event "EU-ch (Women) 14th"]
[Site "Belgrade"]
[Date "2013.07.29"]
[Round "7"]
[White "Kaplan, Ebru"]
[Black "Jovanovic, Violeta"]
[Result "0-1"]
[WhiteElo "1885"]
[BlackElo "2117"]
[PlyCount "110"]
[EventDate "2013.07.23"]
[EventType "swiss"]
[EventRounds "11"]
[EventCountry "SRB"]
[SourceTitle "CBM 155 Extra"]
[Source "ChessBase"]
[SourceDate "2013.08.26"]
[SourceVersion "1"]
[SourceVersionDate "2013.08.26"]
[SourceQuality "1"]

1. e4 c5 2. Nf3 e6 3. d4 cxd4 4. Nxd4 Nc6 5. Nc3 d6 6. Be3 Nf6 7. f4 e5 8. Nxc6 bxc6 9. fxe5 Ng4 10. Qd2 Nxe3 11. Qxe3 dxe5 12. Bc4 Be7 13. 0-0 0-0 14. Kh1 Qb6 15. Qg3 Qd4 16. b3 Bb4 17. Na4 Qxe4 18. c3 Bd6 19. Rad1 Bc7 20. Nc5 Qg4 21. Qe1 Bf5 22. h3 Qh5 23. Qf2 Bg6 24. Be2 Qg5 25. h4 Qf4 26. Qe1 Qe3 27. Nd7 Rfd8 28. Bf3 Qxe1 29. Rfxe1 e4 30. Bxe4 Bg3 31. Re3 Bf2 32. Re2 Bh5 33. Rxf2 Bxd1 34. Bxc6 Rac8 35. Rd2 Bg4 36. Ba4 Bxd7 37. Rxd7 Rxd7 38. Bxd7 Rxc3 39. Bb5 Rc1+ 40. Kh2 Rc2 41. a3 Ra2 42. a4 Rb2 43. Bc4 a5 44. Kg3 Kf8 45. Kf3 Ke7 46. g4 f6 47. Kf4 Kd6 48. h5 g6 49. Bf7 g5+ 50. Kf3 Ke5 51. Kg3 h6 52. Bc4 Rc2 53. Bf7 Rc3+ 54. Kf2 Kf4 55. Be6 Re3 0-1

[Event "EU-ch (Women) 14th"]
[Site "Belgrade"]
[Date "2013.07.27"]
[Round "5"]
[White "Jovanovic, Violeta"]
[Black "Panic, Anastasija"]
[Result "1-0"]
[WhiteElo "2117"]
[BlackElo "1948"]
[PlyCount "85"]
[EventDate "2013.07.23"]
[EventType "swiss"]
[EventRounds "11"]
[EventCountry "SRB"]
[SourceTitle "CBM 155 Extra"]
[Source "ChessBase"]
[SourceDate "2013.08.26"]
[SourceVersion "1"]
[SourceVersionDate "2013.08.26"]
[SourceQuality "1"]

1. Nf3 Nf6 2. c4 e6 3. g3 b6 4. Bg2 Bb7 5. d4 g6 6. 0-0 Bg7 7. Nc3 d5 8. Ne5 0-0 9. Qc2 a6 10. Rd1 Nbd7 11. Bg5 h6 12. Nxd7 Qxd7 13. Bf4 Qe7 14. Rac1 Rac8 15. cxd5 exd5 16. Bh3 Nd7 17. Qb3 Rfd8 18. Nxd5 Qe4 19. Bg2 Bxd5 20. Bxe4 Bxb3 21. axb3 c6 22. Bxc6 Nc5 23. dxc5 Rxd1+ 24. Rxd1 Rxc6 25. Rd8+ Kh7 26. Rd6 Rxc5 27. Rxb6 Bxb2 28. b4 Rb5 29. Rxb5 axb5 30. Kg2 Kg7 31. Kf3 Bc3 32. Bd6 Kf6 33. Ke4 Ke6 34. Bc5 f5+ 35. Kd3 Bf6 36. e4 h5 37. f4 Bd8 38. h3 Bc7 39. Ke3 Bd8 40. Kd4 Bf6+ 41. e5 Bd8 42. h4 Kd7 43. Kd5 1-0

[Event "SRB-chT (Women)"]
[Site "Valjevo"]
[Date "2011.08.29"]
[Round "3.5"]
[White "Eric, Jovana"]
[Black "Jovanovic, Violeta"]
[Result "1/2-1/2"]
[WhiteElo "2282"]
[BlackElo "2136"]
[PlyCount "89"]
[EventDate "2011.08.27"]
[EventType "team-tourn"]
[EventRounds "11"]
[EventCountry "SRB"]
[SourceTitle "CBM 144 Extra"]
[Source "ChessBase"]
[SourceDate "2011.10.28"]
[SourceVersion "1"]
[SourceVersionDate "2011.10.28"]
[SourceQuality "1"]
[WhiteTeam "Belgrade Rad (W)"]
[BlackTeam "Novi Sad Sah Kruzok (W)"]
[WhiteTeamCountry "SRB"]
[BlackTeamCountry "SRB"]

1. e4 c5 2. Nf3 e6 3. d4 cxd4 4. Nxd4 Nc6 5. Nc3 d6 6. Be2 Nf6 7. Be3 Be7 8. Qd2 0-0 9. f4 e5 10. Nb3 a5 11. a4 Nb4 12. 0-0 exf4 13. Rxf4 d5 14. exd5 Bd6 15. Rff1 Nfxd5 16. Nxd5 Nxd5 17. Bg5 Qb6+ 18. Kh1 Nb4 19. Rad1 Be5 20. Be7 Re8 21. Bb5 Nc6 22. Bc5 Qc7 23. Qf2 Bg4 24. Bb6 Qe7 25. Rde1 Qf6 26. Qe3 Qh4 27. g3 Qh5 28. Nd4 Bd7 29. Nxc6 bxc6 30. Be2 Qh3 31. Bc4 Be6 32. Bxe6 Rxe6 33. Qd2 Bxg3 34. Rd1 Be5 35. Bxa5 Rae8 36. Bb6 h6 37. a5 Bg3 38. Qg2 Qxg2+ 39. Kxg2 Bb8 40. Rf3 R6e7 41. a6 Ba7 42. Bxa7 Rxa7 43. Ra1 Rea8 44. Rfa3 Kf8 45. b4 1/2-1/2

[Event "SRB-chT (Women)"]
[Site "Valjevo"]
[Date "2011.08.27"]
[Round "1.6"]
[White "Milovanov, Olga"]
[Black "Jovanovic, Violeta"]
[Result "0-1"]
[WhiteElo "2015"]
[BlackElo "2136"]
[PlyCount "108"]
[EventDate "2011.08.27"]
[EventType "team-tourn"]
[EventRounds "11"]
[EventCountry "SRB"]
[SourceTitle "CBM 144 Extra"]
[Source "ChessBase"]
[SourceDate "2011.10.28"]
[SourceVersion "1"]
[SourceVersionDate "2011.10.28"]
[SourceQuality "1"]
[WhiteTeam "Debrc (W)"]
[BlackTeam "Novi Sad Sah Kruzok (W)"]
[WhiteTeamCountry "SRB"]
[BlackTeamCountry "SRB"]

1. e4 c5 2. g3 g6 3. Bg2 Bg7 4. d3 d6 5. f4 e6 6. c3 Nc6 7. Nf3 e5 8. 0-0 Nge7 9. Na3 0-0 10. Be3 b6 11. d4 exf4 12. Bxf4 Bg4 13. dxc5 dxc5 14. Qc2 Bxf3 15. Bxf3 Ne5 16. Bxe5 Bxe5 17. Nc4 Nc6 18. Rad1 Qc7 19. Bg2 Rad8 20. Ne3 Bg7 21. Nd5 Qe5 22. Qa4 Rd6 23. Nf4 Rfd8 24. Rxd6 Qxd6 25. Nd5 Re8 26. Rd1 c4 27. Qxc4 Ne5 28. Qb5 Rd8 29. Ne3 Qe7 30. Rxd8+ Qxd8 31. Qd5 Qg5 32. Kf2 Bh6 33. Qd4 Qxe3+ 34. Qxe3 Ng4+ 35. Ke2 Nxe3 36. Bf3 Nc4 37. b3 Ne5 38. Bg2 Kf8 39. Bh3 Ke7 40. Bc8 Kd6 41. Bb7 Bg7 42. c4 Ng4 43. h3 Nf6 44. g4 Ke5 45. Kf3 Bf8 46. Bc6 Bc5 47. g5 Nh5 48. Bd5 Nf4 49. Bxf7 Nxh3 50. Kg4 Nf2+ 51. Kh4 Nxe4 52. Bg8 Kf5 53. Bxh7 Nxg5 54. Bg8 Bf2# 0-1

[Event "SRB-chT (Women)"]
[Site "Novi Sad"]
[Date "2010.09.01"]
[Round "10"]
[White "Kalevic, Sanja"]
[Black "Jovanovic, Violeta"]
[Result "1/2-1/2"]
[WhiteElo "2265"]
[BlackElo "2151"]
[PlyCount "43"]
[EventDate "2010.08.23"]
[EventType "team-tourn"]
[EventRounds "11"]
[EventCountry "YUG"]
[SourceTitle "CBM 138 Extra"]
[Source "ChessBase"]
[SourceDate "2010.10.29"]
[SourceVersion "1"]
[SourceVersionDate "2010.10.29"]
[SourceQuality "1"]

1. e4 c5 2. Nf3 e6 3. c4 a6 4. Nc3 Qc7 5. Be2 b6 6. 0-0 Bb7 7. d4 cxd4 8. Nxd4 Nf6 9. Qd3 Be7 10. Be3 d6 11. Rfc1 Nbd7 12. a4 0-0 13. f3 Rfc8 14. Qd1 Qb8 15. a5 bxa5 16. Nb3 Bd8 17. Nxa5 Bb6 18. Bxb6 Nxb6 19. Nxb7 Qxb7 20. c5 Rxc5 21. Qxd6 Nbd7 22. Na4 1/2-1/2

[Event "SRB-chT Cup (Women)"]
[Site "Sombor"]
[Date "2009.05.22"]
[Round "4"]
[White "Benderac, Ana"]
[Black "Jovanovic, Violeta"]
[Result "1-0"]
[WhiteElo "2322"]
[BlackElo "2159"]
[PlyCount "61"]
[EventDate "2009.05.19"]
[EventType "team-tourn"]
[EventRounds "5"]
[EventCountry "SRB"]
[SourceTitle "EXT 2012"]
[Source "ChessBase"]
[SourceDate "2011.11.24"]
[SourceVersion "1"]
[SourceVersionDate "2011.11.24"]
[SourceQuality "1"]

1. d4 Nf6 2. Nf3 g6 3. e3 Bg7 4. b3 c5 5. Bb2 0-0 6. Be2 d5 7. 0-0 b6 8. Nbd2 Bb7 9. c4 Nbd7 10. Rc1 Rc8 11. Rc2 cxd4 12. Nxd4 Nc5 13. Qa1 dxc4 14. Nxc4 Be4 15. Rd2 Qc7 16. Nb5 Qb7 17. f3 Bd5 18. Ncd6 exd6 19. Bxf6 Bh6 20. Nxd6 Qc6 21. Nxc8 Bxe3+ 22. Kh1 Rxc8 23. Bh8 Ne6 24. Rd3 Bh6 25. Rc3 Qb7 26. Rxc8+ Qxc8 27. Bf6 Nf4 28. Qe5 Bc6 29. Rd1 Nd5 30. Rxd5 Bxd5 31. Qxd5 1-0

[Event "SRB-chT Cup (Women)"]
[Site "Sombor"]
[Date "2009.05.20"]
[Round "2"]
[White "Jovanovic, Violeta"]
[Black "Stojanovic, Andjelija"]
[Result "0-1"]
[WhiteElo "2159"]
[BlackElo "2351"]
[PlyCount "84"]
[EventDate "2009.05.19"]
[EventType "team-tourn"]
[EventRounds "5"]
[EventCountry "SRB"]
[SourceTitle "EXT 2012"]
[Source "ChessBase"]
[SourceDate "2011.11.24"]
[SourceVersion "1"]
[SourceVersionDate "2011.11.24"]
[SourceQuality "1"]

1. Nf3 d5 2. c4 c6 3. e3 Nf6 4. Nc3 a6 5. Qc2 g6 6. d4 Bg7 7. Bd3 0-0 8. 0-0 dxc4 9. Bxc4 Nbd7 10. Bd3 c5 11. Ne4 cxd4 12. Nxd4 Nxe4 13. Bxe4 Qb6 14. Rd1 Nc5 15. Bf3 e5 16. Ne2 Be6 17. Nc3 Rac8 18. e4 f5 19. exf5 Bxf5 20. Qe2 e4 21. Bg4 Nd3 22. Nd5 Qxf2+ 23. Qxf2 Nxf2 24. Bxf5 Nxd1 25. Bxc8 Bd4+ 26. Be3 Nxe3 27. Be6+ Kh8 28. Nxe3 Bxe3+ 29. Kh1 Bd2 30. Bg4 h5 31. Be2 Rf2 32. Bc4 b5 33. Rf1 bxc4 34. Rxf2 e3 35. Re2 Kg7 36. g3 Kf6 37. Kg1 Ke5 38. Kg2 Ke4 39. h3 g5 40. g4 h4 41. a3 Kd3 42. Kf3 Kc2 0-1

[Event "SRB-ch (Women)"]
[Site "Kac"]
[Date "2008.04.08"]
[Round "10"]
[White "Maksimovic, Suzana"]
[Black "Jovanovic, Violeta"]
[Result "1-0"]
[WhiteElo "2264"]
[BlackElo "2175"]
[PlyCount "55"]
[EventDate "2008.03.29"]
[EventType "tourn"]
[EventRounds "11"]
[EventCountry "YUG"]
[SourceTitle "CBM 123 Extra"]
[Source "ChessBase"]
[SourceDate "2008.05.06"]
[SourceVersion "1"]
[SourceVersionDate "2008.05.06"]
[SourceQuality "1"]

1. d4 Nf6 2. c4 g6 3. Nc3 Bg7 4. e4 d6 5. f3 0-0 6. Nge2 a6 7. Be3 Nbd7 8. Qd2 c5 9. dxc5 Nxc5 10. Nd4 Ne6 11. Be2 Nxd4 12. Bxd4 Be6 13. 0-0 Qa5 14. Rfd1 Rfc8 15. a3 Rab8 16. Rab1 Nd7 17. Bxg7 Kxg7 18. f4 b5 19. Qd4+ Kg8 20. f5 gxf5 21. exf5 Bxf5 22. Nd5 Qd8 23. Rbc1 Be6 24. Rc3 f6 25. Rg3+ Kh8 26. Qh4 Bxd5 27. Rxd5 Rc5 28. Qg4 1-0

[Event "SRB-ch (Women)"]
[Site "Kac"]
[Date "2008.04.04"]
[Round "7"]
[White "Eric, Jovana"]
[Black "Jovanovic, Violeta"]
[Result "1/2-1/2"]
[WhiteElo "2104"]
[BlackElo "2175"]
[PlyCount "60"]
[EventDate "2008.03.29"]
[EventType "tourn"]
[EventRounds "11"]
[EventCountry "YUG"]
[SourceTitle "CBM 123 Extra"]
[Source "ChessBase"]
[SourceDate "2008.05.06"]
[SourceVersion "1"]
[SourceVersionDate "2008.05.06"]
[SourceQuality "1"]

1. e4 b6 2. d4 Bb7 3. Nc3 e6 4. Nf3 Nf6 5. Bd3 Be7 6. 0-0 d5 7. Qe2 dxe4 8. Nxe4 Nbd7 9. b3 0-0 10. c4 c5 11. dxc5 Nxc5 12. Nxc5 Bxc5 13. Bb2 Bxf3 14. Qxf3 Bd4 15. Bxd4 Qxd4 16. Rfd1 Qb2 17. a4 Rad8 18. Rab1 Qa2 19. Rbc1 Rd7 20. Bxh7+ Kxh7 21. Rxd7 Nxd7 22. Qd3+ Kg8 23. Qxd7 Qxb3 24. Qxa7 Rd8 25. g3 Qb2 26. Rf1 Qb4 27. Qa6 Rd4 28. Rc1 Qb2 29. Rf1 Qb4 30. Rc1 Qb2 1/2-1/2

[Event "SRB-ch (Women)"]
[Site "Kac"]
[Date "2008.04.02"]
[Round "5"]
[White "Urosevic, Marija"]
[Black "Jovanovic, Violeta"]
[Result "1/2-1/2"]
[WhiteElo "2108"]
[BlackElo "2175"]
[PlyCount "70"]
[EventDate "2008.03.29"]
[EventType "tourn"]
[EventRounds "11"]
[EventCountry "YUG"]
[SourceTitle "CBM 123 Extra"]
[Source "ChessBase"]
[SourceDate "2008.05.06"]
[SourceVersion "1"]
[SourceVersionDate "2008.05.06"]
[SourceQuality "1"]

1. d4 Nf6 2. c4 g6 3. Nc3 Bg7 4. e4 d6 5. f3 0-0 6. Bg5 a6 7. a4 c5 8. d5 Qa5 9. Ra3 e6 10. Nge2 exd5 11. cxd5 Nbd7 12. Nc1 Ne5 13. Be2 Rb8 14. 0-0 c4 15. Be3 Qc7 16. a5 Ned7 17. Qd2 b5 18. axb6 Nxb6 19. N1a2 Nfd7 20. Nb4 Nc5 21. Nc6 Nb3 22. Rxb3 cxb3 23. Nxb8 Qxb8 24. Ra1 Qc7 25. Bd4 Nc4 26. Bxc4 Qxc4 27. Bxg7 Kxg7 28. Ra4 Qc7 29. Qd4+ Kg8 30. Rb4 f5 31. Qb6 Qe7 32. Rxb3 Qg5 33. Qf2 Qc1+ 34. Qf1 Qe3+ 35. Qf2 Qc1+ 1/2-1/2

[Event "SRB-ch (Women)"]
[Site "Kac"]
[Date "2008.04.01"]
[Round "4"]
[White "Jovanovic, Violeta"]
[Black "Djukic, Sandra"]
[Result "1-0"]
[WhiteElo "2175"]
[BlackElo "2204"]
[PlyCount "73"]
[EventDate "2008.03.29"]
[EventType "tourn"]
[EventRounds "11"]
[EventCountry "YUG"]
[SourceTitle "CBM 123 Extra"]
[Source "ChessBase"]
[SourceDate "2008.05.06"]
[SourceVersion "1"]
[SourceVersionDate "2008.05.06"]
[SourceQuality "1"]

1. Nf3 d5 2. c4 c6 3. e3 Nf6 4. Nc3 e6 5. Qc2 Nbd7 6. b3 Bd6 7. Be2 0-0 8. 0-0 e5 9. cxd5 Nxd5 10. Ne4 Be7 11. Ng3 Re8 12. Bb2 Bf8 13. d4 exd4 14. Nxd4 g6 15. Rfd1 Qe7 16. Bf3 Nb4 17. Qc3 Ne5 18. a3 c5 19. Nb5 Bg7 20. Kh1 Na6 21. Nd6 Rf8 22. Bd5 Bg4 23. f3 Rad8 24. Nc4 Nc7 25. Bxb7 Nb5 26. Qa5 Rxd1+ 27. Rxd1 Qxb7 28. Nxe5 Bxe5 29. Bxe5 Bxf3 30. Rd8 Bxg2+ 31. Kg1 Bc6 32. Rxf8+ Kxf8 33. Qd8+ Be8 34. a4 Qf3 35. Bf4 Kg7 36. axb5 Bxb5 37. Nf5+ 1-0

[Event "SRB-ch (Women)"]
[Site "Kac"]
[Date "2008.03.31"]
[Round "3"]
[White "Petrovic, Marija"]
[Black "Jovanovic, Violeta"]
[Result "1/2-1/2"]
[WhiteElo "2168"]
[BlackElo "2175"]
[PlyCount "114"]
[EventDate "2008.03.29"]
[EventType "tourn"]
[EventRounds "11"]
[EventCountry "YUG"]
[SourceTitle "CBM 123 Extra"]
[Source "ChessBase"]
[SourceDate "2008.05.06"]
[SourceVersion "1"]
[SourceVersionDate "2008.05.06"]
[SourceQuality "1"]

1. d4 Nf6 2. Nf3 g6 3. c3 Bg7 4. Bg5 b6 5. Nbd2 Bb7 6. Qc2 d6 7. e4 Nbd7 8. h3 0-0 9. Bd3 c5 10. d5 e5 11. Nc4 Qc7 12. Ne3 a6 13. a4 b5 14. axb5 axb5 15. Rxa8 Rxa8 16. Bxb5 Ra1+ 17. Nd1 Nb6 18. Bxf6 Bxf6 19. Be2 c4 20. 0-0 Bg7 21. Ne3 Ra2 22. Qb1 Ra8 23. Nd2 Ba6 24. Qc2 Bb5 25. Rb1 Ra2 26. Qd1 Ba4 27. Qe1 Bh6 28. Ndxc4 Bb3 29. Nxb6 Bxe3 30. fxe3 Qxb6 31. Qc1 Kg7 32. c4 Ra4 33. Qc3 Rb4 34. Rc1 Qc5 35. Qd2 Ba2 36. Rc3 Qb6 37. Rc2 Bb1 38. c5 dxc5 39. Rc4 Rxb2 40. Qe1 Qb3 41. Bf1 Bc2 42. Qg3 Qb8 43. Qh4 Rb1 44. Rxc2 Rxf1+ 45. Kxf1 Qb1+ 46. Kf2 Qxc2+ 47. Kg3 Qd3 48. Kh2 c4 49. Qe7 Qxe4 50. d6 Qxe3 51. d7 Qf4+ 52. Kg1 Qe3+ 53. Kh1 Qc1+ 54. Kh2 Qf4+ 55. Kg1 Qe3+ 56. Kf1 Qd3+ 57. Kf2 Qd2+ 1/2-1/2

[Event "SRB-ch (Women)"]
[Site "Kac"]
[Date "2008.03.30"]
[Round "2"]
[White "Jovanovic, Violeta"]
[Black "Mladenovic, Jelena"]
[Result "1/2-1/2"]
[WhiteElo "2175"]
[BlackElo "2114"]
[PlyCount "113"]
[EventDate "2008.03.29"]
[EventType "tourn"]
[EventRounds "11"]
[EventCountry "YUG"]
[SourceTitle "CBM 123 Extra"]
[Source "ChessBase"]
[SourceDate "2008.05.06"]
[SourceVersion "1"]
[SourceVersionDate "2008.05.06"]
[SourceQuality "1"]

1. Nf3 d5 2. c4 dxc4 3. e3 g6 4. Bxc4 Bg7 5. 0-0 Nf6 6. Qe2 0-0 7. d4 Bg4 8. h3 Bxf3 9. Qxf3 Nc6 10. Bb5 Qd5 11. Qxd5 Nxd5 12. Bxc6 bxc6 13. Nd2 e5 14. dxe5 Bxe5 15. Nc4 Bg7 16. Bd2 Nb6 17. Rac1 Rfd8 18. Ba5 Rd5 19. Bb4 c5 20. Ba5 Nxc4 21. Rxc4 Bxb2 22. Bxc7 Rc8 23. Rb1 Rxc7 24. Rxb2 Rd1+ 25. Kh2 Rd3 26. Rbc2 Ra3 27. Kg3 Rc6 28. Rd2 Kg7 29. Kf3 Rca6 30. Rcc2 c4 31. Kf4 c3 32. Re2 Kf6 33. e4 h6 34. Ke3 Ke6 35. Kd4 g5 36. f3 Rd6+ 37. Kc4 Ke5 38. Kb4 Rda6 39. Kc4 Rc6+ 40. Kb4 Rca6 41. Kc4 h5 42. Kd3 h4 43. Ke3 Rd6 44. Rf2 Rd1 45. Rfe2 a6 46. Rf2 Rb1 47. Kd3 Rb2 48. Rxb2 cxb2+ 49. Kc2 Rxa2 50. Kb1 Ra5 51. Kxb2 Rc5 52. Ka3 a5 53. Rd2 f6 54. Ka4 Kf4 55. Rd6 Ke5 56. Rd2 Kf4 57. Rd6 1/2-1/2

[Event "BIH-chT (Women)"]
[Site "Vogosca"]
[Date "2007.06.07"]
[Round "6"]
[White "Sulc, Gordana"]
[Black "Jovanovic, Violeta"]
[Result "0-1"]
[WhiteElo "2039"]
[BlackElo "2152"]
[PlyCount "60"]
[EventDate "2007.06.02"]
[EventType "team"]
[EventRounds "7"]
[EventCountry "BIH"]
[SourceTitle "EXT 2008"]
[Source "ChessBase"]
[SourceDate "2007.11.25"]
[SourceVersion "1"]
[SourceVersionDate "2007.11.25"]
[SourceQuality "1"]

1. e4 c5 2. Nf3 e6 3. d4 cxd4 4. Nxd4 Nc6 5. Nc3 d6 6. Be3 Nf6 7. Nb3 Be7 8. f3 0-0 9. Qe2 a6 10. g4 Nd7 11. 0-0-0 b5 12. h4 Nb6 13. Qf2 Na4 14. Nxa4 bxa4 15. Bb6 Qe8 16. Na5 Rb8 17. a3 Nxa5 18. Bxa5 Bf6 19. c3 Qc6 20. Qd2 Qb7 21. Rh2 Bd7 22. g5 Be7 23. Bc4 d5 24. exd5 Bxa3 25. Ba2 Bd6 26. Rg2 e5 27. Qd3 g6 28. Qc2 Qb5 29. c4 Qxa5 30. h5 Bf5 0-1

[Event "Serbia-chT (Women)"]
[Site "Zlatibor"]
[Date "2006.08.27"]
[Round "2"]
[White "Zivkovic, Vesna"]
[Black "Jovanovic, Violeta"]
[Result "0-1"]
[WhiteElo "2124"]
[BlackElo "2126"]
[PlyCount "72"]
[EventDate "2006.08.26"]
[EventType "team"]
[EventRounds "9"]
[EventCountry "YUG"]
[SourceTitle "EXT 2007"]
[Source "ChessBase"]
[SourceDate "2006.11.23"]
[SourceVersion "1"]
[SourceVersionDate "2006.11.23"]
[SourceQuality "1"]

1. d4 g6 2. e4 Bg7 3. Nf3 d6 4. Bd3 c5 5. c3 Nc6 6. Be3 cxd4 7. Nxd4 Nf6 8. h3 0-0 9. 0-0 Ne5 10. f4 Nxd3 11. Qxd3 b6 12. f5 Bb7 13. Nd2 Nd7 14. Bg5 d5 15. Qe3 Ne5 16. fxg6 hxg6 17. exd5 Qxd5 18. Rf2 Nd3 19. Qxd3 Qxg5 20. N4f3 Qc5 21. Ne4 Qc6 22. Re1 Rad8 23. Qc2 Ba6 24. Rd2 Bh6 25. Nd4 Qc7 26. Rdd1 Bb7 27. Qe2 Qf4 28. Nf2 Qg3 29. Ng4 Bg7 30. Qf2 Qc7 31. Nf3 Qc4 32. Rxd8 Rxd8 33. Rxe7 Bxf3 34. Qxf3 Qxa2 35. Qf4 Qd5 36. Ne5 Qc5+ 0-1

[Event "Serbia-chT (Women)"]
[Site "Zlatibor"]
[Date "2006.08.26"]
[Round "1"]
[White "Jovanovic, Violeta"]
[Black "Djukic, Sandra"]
[Result "1-0"]
[WhiteElo "2126"]
[BlackElo "2137"]
[PlyCount "67"]
[EventDate "2006.08.26"]
[EventType "team"]
[EventRounds "9"]
[EventCountry "YUG"]
[SourceTitle "EXT 2007"]
[Source "ChessBase"]
[SourceDate "2006.11.23"]
[SourceVersion "1"]
[SourceVersionDate "2006.11.23"]
[SourceQuality "1"]

1. Nf3 d5 2. c4 d4 3. g3 c5 4. Bg2 Nc6 5. 0-0 e5 6. d3 Be7 7. e3 g5 8. exd4 cxd4 9. Re1 f6 10. Nfd2 h5 11. Bf3 g4 12. Be4 f5 13. Bg2 Nh6 14. b4 Nxb4 15. Rxe5 Nxd3 16. Rd5 Qc7 17. Ba3 Nf7 18. Qe2 Nde5 19. Rxd4 Nc6 20. Rd3 0-0 21. Bb2 Nb4 22. Re3 Bg5 23. Re6 Bxe6 24. Qxe6 Qd6 25. Qxf5 Rae8 26. Nc3 Re5 27. Qb1 Qd3 28. Nde4 Rd8 29. Nd5 Nc2 30. Bxe5 Nxe5 31. Nxg5 Qxc4 32. Qxb7 Nd7 33. Rc1 Qxa2 34. Qc7 1-0

[Event "SCG Cup (Woman)"]
[Site "Vrnjacka Banja"]
[Date "2006.05.01"]
[Round "1"]
[White "Rakic, Marija"]
[Black "Jovanovic, Violeta"]
[Result "1-0"]
[WhiteElo "2096"]
[BlackElo "2129"]
[PlyCount "125"]
[EventDate "2006.05.01"]
[EventType "swiss"]
[EventRounds "7"]
[EventCountry "YUG"]
[SourceTitle "EXT 2007"]
[Source "ChessBase"]
[SourceDate "2006.11.23"]
[SourceVersion "1"]
[SourceVersionDate "2006.11.23"]
[SourceQuality "1"]

1. d4 Nf6 2. c4 g6 3. Nc3 Bg7 4. e4 d6 5. h3 0-0 6. Be3 a6 7. Qd2 Nc6 8. g4 e5 9. d5 Nd4 10. Bg2 b5 11. Nge2 b4 12. Nb1 Re8 13. Qd3 Nd7 14. Nd2 f5 15. f3 Nc5 16. Qb1 fxe4 17. Nxe4 Nxe4 18. Qxe4 c5 19. h4 Bf6 20. h5 g5 21. Ng3 b3 22. axb3 Rb8 23. Ra3 Rxb3 24. Rxb3 Nxb3 25. Qd3 Qa5+ 26. Kf2 Qa2 27. Ne4 Be7 28. Bxg5 Bxg5 29. Nxg5 e4 30. Nxe4 Qxb2+ 31. Kg3 Rf8 32. f4 Nc1 33. Qd2 Ne2+ 34. Kf2 Qxd2 35. Nxd2 Nxf4 36. Bf3 Nd3+ 37. Kg3 Ne5 38. Be2 h6 39. Ne4 Nf7 40. Rf1 Kg7 41. Kh4 Bd7 42. Rf6 Ra8 43. Rg6+ Kf8 44. Nxd6 Ne5 45. Rxh6 Kg7 46. g5 a5 47. Rf6 a4 48. h6+ Kh7 49. Kh5 a3 50. g6+ Kg8 51. Rf1 Ra6 52. h7+ Kg7 53. Rf8 Nxg6 54. Rf7+ Kh8 55. Rxd7 Nf8 56. Rd8 a2 57. Bd3 Kg7 58. Rxf8 Kxf8 59. h8Q+ Ke7 60. Qe5+ Kd7 61. Bf5+ Kd8 62. Qe8+ Kc7 63. Qe7+ 1-0

[Event "EU-Cup (Women) 10th"]
[Site "Saint Vincent"]
[Date "2005.09.20"]
[Round "3.4"]
[White "Jovanovic, Violeta"]
[Black "Kursova, Maria"]
[Result "0-1"]
[WhiteElo "2109"]
[BlackElo "2313"]
[PlyCount "90"]
[EventDate "2005.09.18"]
[EventType "team-swiss"]
[EventRounds "7"]
[EventCountry "ITA"]
[SourceTitle "EXT 2013"]
[Source "ChessBase"]
[SourceDate "2012.11.22"]
[SourceVersion "1"]
[SourceVersionDate "2012.11.22"]
[SourceQuality "1"]
[WhiteTeam "Obudovac (W)"]
[BlackTeam "Krasnoturinsk AVS (W)"]
[WhiteTeamCountry "BIH"]
[BlackTeamCountry "RUS"]

1. Nf3 c5 2. c4 Nf6 3. Nc3 e6 4. e3 Be7 5. d4 cxd4 6. exd4 d6 7. Bd3 0-0 8. 0-0 Nbd7 9. b3 a6 10. Bb2 b6 11. Qe2 Bb7 12. Rfe1 Re8 13. Ng5 Nf8 14. d5 exd5 15. cxd5 h6 16. Nge4 Ng6 17. Ng3 Nf4 18. Qf3 Nxd3 19. Qxd3 Bf8 20. Nf5 Qd7 21. Qf3 Rxe1+ 22. Rxe1 Re8 23. Rd1 Qd8 24. h3 g6 25. Ne3 Bg7 26. Ne2 Nxd5 27. Rd2 Bxb2 28. Rxb2 Qg5 29. Nxd5 Bxd5 30. Qg3 Qxg3 31. Nxg3 Re1+ 32. Nf1 Bc6 33. a4 b5 34. Rc2 Be8 35. a5 b4 36. f3 Bb5 37. Rf2 Kg7 38. g3 Kf6 39. Kg2 Bxf1+ 40. Rxf1 Rxf1 41. Kxf1 Ke5 42. Ke2 Kd4 43. Kd2 f6 44. h4 f5 45. g4 f4 0-1

[Event "BIH-chT (Women)"]
[Site "Neum"]
[Date "2005.06.06"]
[Round "3"]
[White "Jovanovic, Violeta"]
[Black "Stevandic, Drinka"]
[Result "1-0"]
[WhiteElo "2109"]
[BlackElo "2079"]
[PlyCount "73"]
[EventDate "2005.06.04"]
[EventType "team"]
[EventRounds "7"]
[EventCountry "BIH"]
[SourceTitle "CBM 106 Extra"]
[Source "ChessBase"]
[SourceDate "2005.07.01"]
[SourceVersion "1"]
[SourceVersionDate "2005.07.01"]
[SourceQuality "1"]

1. Nf3 Nf6 2. c4 g6 3. Nc3 Bg7 4. e4 d6 5. d4 Nbd7 6. Be2 0-0 7. 0-0 e5 8. Be3 Ng4 9. Bg5 f6 10. Bc1 f5 11. h3 Ngf6 12. Ng5 Qe7 13. Nb5 Nb8 14. dxe5 dxe5 15. c5 Nc6 16. Nc3 h6 17. Nf3 Be6 18. exf5 gxf5 19. Nh4 Qxc5 20. Be3 Nd4 21. f4 Nxe2+ 22. Qxe2 Qc4 23. Ng6 exf4 24. Qxc4 Bxc4 25. Rxf4 Be6 26. Nxf8 Rxf8 27. Re1 Kf7 28. Rh4 Ng8 29. Bd4 Nf6 30. a3 b6 31. Nb5 c5 32. Nd6+ Kg8 33. Bc3 Bd5 34. Re7 Ne8 35. Bxg7 Nxg7 36. Rxh6 f4 37. Rg6 1-0

[Event "BIH-chT (Women)"]
[Site "Neum"]
[Date "2004.06.03"]
[Round "6"]
[White "Jovanovic, Violeta"]
[Black "Petrovic, Marija"]
[Result "1-0"]
[WhiteElo "2117"]
[BlackElo "2227"]
[PlyCount "63"]
[EventDate "2004.05.??"]
[EventType "team"]
[EventRounds "7"]
[EventCountry "BIH"]
[SourceTitle "CBM 100 Extra"]
[Source "ChessBase"]
[SourceDate "2004.07.06"]
[SourceVersion "2"]
[SourceVersionDate "2004.07.06"]
[SourceQuality "1"]

1. e4 g6 2. Nc3 Bg7 3. f4 c6 4. Nf3 d5 5. exd5 cxd5 6. Bb5+ Nc6 7. d4 a6 8. Bxc6+ bxc6 9. Ne5 Qc7 10. 0-0 h5 11. Qf3 Nh6 12. Re1 Bg4 13. Qf2 Bf5 14. Qe2 e6 15. h3 Qb6 16. a3 Rc8 17. Ra2 Bf8 18. Be3 a5 19. Bf2 Be7 20. g4 hxg4 21. hxg4 Be4 22. Nxe4 dxe4 23. Qxe4 c5 24. d5 exd5 25. Qa4+ Rc6 26. Qxc6+ Qxc6 27. Nxc6 Kd7 28. Nxe7 Kd6 29. b4 cxb4 30. axb4 axb4 31. Ra6+ Kd7 32. Nxd5 1-0

[Event "BIH-chT (Women)"]
[Site "Neum"]
[Date "2004.06.02"]
[Round "5"]
[White "Maksimovic, Suzana"]
[Black "Jovanovic, Violeta"]
[Result "1-0"]
[WhiteElo "2258"]
[BlackElo "2117"]
[PlyCount "69"]
[EventDate "2004.05.??"]
[EventType "team"]
[EventRounds "7"]
[EventCountry "BIH"]
[SourceTitle "CBM 100 Extra"]
[Source "ChessBase"]
[SourceDate "2004.07.06"]
[SourceVersion "2"]
[SourceVersionDate "2004.07.06"]
[SourceQuality "1"]

1. d4 d6 2. e4 c6 3. f4 Na6 4. Nf3 g6 5. c4 Bg7 6. Nc3 Nc7 7. Be3 Bg4 8. h3 Bxf3 9. Qxf3 a6 10. 0-0-0 b5 11. g4 e6 12. Rh2 d5 13. cxd5 cxd5 14. e5 h5 15. Rf2 hxg4 16. hxg4 Ne7 17. Bd3 Qd7 18. f5 gxf5 19. gxf5 exf5 20. Bxf5 Nxf5 21. Qxf5 Qe6 22. Rdf1 Bh6 23. Bxh6 Qxh6+ 24. Kb1 Rh7 25. a3 Rd8 26. Ka2 Ne6 27. Qd3 Rg7 28. Rf6 Qh4 29. Qd2 Rd7 30. Ne2 Rg2 31. Qb4 Qh8 32. Nf4 Nxf4 33. R1xf4 Qh2 34. e6 Re7 35. Rxf7 1-0